000 00622nam a2200205 i 4500
001 62769
003 ES-MaACL
005 20250930063056.0
007 t|
008 031125s1942 sp ||||1| spa d
100 1 _aFernández, Fidel,
_d1890-1942
_9162426
245 1 0 _aParasitosis intestinales /
_cFidel Fernández.
250 _a2ª ed.
260 _aBarcelona :
_bSalvat,
_c1942 (
_fImp. Hispano-Americana)
300 _a136 p. ;
_c23 cm.
490 1 _aManuales de medicina práctica
830 0 _aManuales de medicina práctica
_9181070
852 _aES-MaACL
_jE-625
_bR.21802
999 _c62769
_d62769